书目信息 |
| 题名: |
比较文学三百篇
|
|
| 作者: | 智量 主编 | |
| 分册: | ||
| 出版信息: | 上海 上海文艺出版社 1990 |
|
| 页数: | 1052页 | |
| 开本: | 20cm | |
| 丛书名: | ||
| 单 册: | ||
| 中图分类: | I0-03 | |
| 科图分类: | ||
| 主题词: | 文学理论 | |
| 电子资源: | ||
| ISBN: | 7-5321-0215-7 | |
| 000 | 00544nam0 2200193 450 | |
| 001 | 0629885562 | |
| 005 | 20061103081931.23 | |
| 010 | @a7-5321-0215-7@b精装@dCNY14.20 | |
| 100 | @a20061103d1990 km y0chiy0120 ea | |
| 101 | 0 | @achi |
| 102 | @aCN@b310000 | |
| 200 | 1 | @a比较文学三百篇@Abi jiao wen xue san bai pian@f智量主编@Fzhi liang zhu bian |
| 210 | @a上海@c上海文艺出版社@d1990 | |
| 215 | @a1052页@d20cm | |
| 606 | 0 | @a文学理论 |
| 690 | @aI0-03@v3 | |
| 701 | 0 | @a智量@Azhi liang@4主编 |
| 801 | 0 | @aCN@bPFT@c20061103 |
| 905 | @a10447@dI0-03@e153 | |
| 比较文学三百篇/智量主编.-上海:上海文艺出版社,1990 |
| 1052页;20cm |
| ISBN 7-5321-0215-7(精装):CNY14.20 |
| ● |
| 相关链接 |
|
|
|
|
正题名:比较文学三百篇
索取号:I0-03/153
 
预约/预借
| 序号 | 登录号 | 条形码 | 馆藏地/架位号 | 状态 | 备注 |
| 1 | 0232500 | 202070267 | 第一样本阅览室/ [索取号:I0-03/153] | 在馆 |